Traduction de vocabulaire en Latin (aléatoire) - Statistiques

Statistiques générales
  • Ce quiz a été pris 538 fois
    490 depuis la dernière actualisation
  • Le résultat moyen est 7 sur 20
Statistiques - réponses
Français Latin % Correct
Eau Aqua
91%
Rome Roma
83%
Romain Romanus
81%
Peuple Populus
80%
Enfant, esclave Puer
80%
Temple Templum
77%
Gloire Gloria
77%
Rose Rosa
77%
Maître (de maison) Dominus
74%
Ami Amicus
71%
Déesse Dea
69%
Dieu Deus
69%
Famille Familia
68%
Terre Terra
68%
Fils Filius
67%
Histoire Historia
67%
Italie Italia
67%
Patrie Patria
67%
Romulus Romulus
65%
Guerre Bellum
64%
Lyon Lugdunum
64%
Un Unus
64%
Aimer Amo
63%
Être Sum
63%
Bon Bonus
62%
Cheval Equus
61%
Rémus Remus
61%
Fortune, sort, hasard Fortuna
59%
Lire Lego
59%
Marcus Marcus
59%
Philippe Philippus
56%
Langue Lingua
55%
Louve, courtisane Lupa
55%
Minerve Minerva
54%
Esclave Servus
54%
Homme Vir
54%
Grand Magnus
53%
Mauvais Malus
53%
Place du marché Forum
52%
Colère Ira
52%
Lieu Locus
52%
Nature Natura
52%
Amie Amica
50%
Avoir Habeo
50%
Nouveau Novus
50%
Écrire Scribo
50%
Sicile Sicilia
50%
Soin, sollicitude, souci Cura
48%
Lutèce Lutecia
48%
Muse Musa
48%
Venir Venio
48%
Haut Altus
46%
Barbare Barbarus
46%
Diane Diana
45%
Lucius Lucius
45%
Seul Solus
45%
Vie Vita
44%
Voir Video
43%
Épée, glaive Gladius
42%
Beaucoup Multus
42%
Or Aurum
41%
île Insula
41%
Livre Liber
41%
Poète Poeta
40%
Théâtre Theatrum
40%
Chemin Via
39%
Maître (qui enseigne) Magister
37%
Couronne Corona
36%
Femme Femina
36%
Reine Regina
36%
Athènes Athenae
35%
Nombre Numerus
35%
Jeune Fille Puella
35%
Statue Statua
35%
Armes Arma
33%
Donner Do
33%
Orgueilleux, superbe, fier Superbus
33%
Maison de campagne Villa
33%
Champ Ager
32%
Clémence, bonté, douceur Clementia
32%
Fille Filia
31%
Alexandre Alexander
29%
Dire, parler Dico
29%
Maîtresse (de maison) Domina
29%
Jardin Hortus
29%
Commandement Imperium
29%
Instruit Doctus
28%
Heureux Beatus
27%
Fonder Condo
27%
Fuite Fuga
27%
Porte Porta
27%
Beau Pulcher
27%
Bruit, renommée Fama
26%
Joyeux Laetus
25%
Richesse, argent Pecunia
25%
Marin Nauta
24%
Mot Verbum
24%
Vouloir Volo
24%
Histoire (inventée) Fabula
23%
Malheureux Miser
23%
Tuer Occido
23%
Écouter Audio
22%
Peu nombreux Paucus
22%
Paysan Agricola
21%
Ne pas vouloir Nolo
21%
Forêt Silva
21%
Marcher, se promener Ambulo
20%
Doré Aureus
20%
Élève Discipulus
20%
Souffle, âme Anima
19%
Troie Troja
19%
Célèbre Clarus
17%
Lettre Littera
17%
Petit Parvus
17%
Royauté Regnum
16%
Faire, rendre Facio
15%
Onde, flot Unda
15%
Servante Ancilla
14%
Ancien Antiquus
14%
Exemple Exemplum
14%
Trouver, inventer Invenio
14%
Lucrèce Lucretia
14%
Combat Pugna
14%
Amitié Amicitia
13%
Prendre, choisir Capio
13%
Penser, songer Cogito
13%
Faute Culpa
13%
Bête (sauvage) Fera
13%
Fleuve Fluvius
13%
Exil Exilium
12%
Porter, supporter, rapporter Fero
12%
Mur Murus
12%
Tuer Interficio
11%
Autre Alius
10%
Augure Augurium
10%
Lettre (postale) Epistola
10%
Tous les autres, les autres Ceteri
9%
Joie Laetitia
9%
Régner, être roi Regno
9%
Revenir Redeo
8%
Tirer, conduire Duco
7%
Aller Eo
7%
Avertir Moneo
7%
Chanter Cano
6%
En colère Iratus
6%
Apporter Adfero
5%
Montrer Ostendo
5%
Bienfait, service Beneficium
4%
Dîner Ceno
4%
Tout le reste de Ceterus
4%
Habiter Habito
4%
Préférer Malo
4%
Chercher à atteindre, demander Peto
4%
Frapper, tuer Caedo
0%
Ruine, perte Exitium
0%
Service, fonction, devoir Officium
0%
Philosophe Philosophius
0%
Diriger Rego
0%
Aucun quiz correspondant
Distribution des résultats
% des personnes avec chaque résultat
Percentile par nombre de réponses
Votre historique - résultats
Vous n’avez pas pris ce quiz depuis la dernière actualisation